00436nam a2200145Ia 4500020001800000082001800018245005600036260004200092300001000134650004700144650002400191650003800215700001900253700001800272 a81-7062-032-5 a306.2095 SOC; 0aSocial sciences and the government: the Asian scene aNew DelhibLancer Internationalc1987 a140p. aSocial sciences - Political aspects - Asia aPolitical sociology aSocial sciences - Research - Asia aNarain, Iqbal  aAtal, Yogesh